01002cam a22002655a 450000500170000000800410001701000140005802000270007203500130009903700130011204000130012510000230013824500870016126000500024827000580029830000300035650000290038652000260041561000470044165100530048870000230054194200170056499900170058195201380059820091103014612.0090911s2009 ii ab b 100 0 eng d aENG-95351 a9788131306604c1695.00 aEN-78884 aDBAD/PUB aDPLbeng aBanik, Sudip Datta aEnvironment Challenes of the 21st Centurycby Sudip Datta Banik, Saikat Kumar Basu aNew Delhi :bAPH Publishing Corporationc2009 a4435-36/7. Ansari road, Darya GanjbNew Delhie110002 a xii,384p.c22 cm. (Hb) aBibliography references. aContributed articles. aCollege of Fort St. George (Madras, India) aMadras (India)xIntellectual lifey19th century. aBasu, Saikat Kumar 2ddccENmBAN c31444d31444 00102ddc40718NFICaDBADbDBADd2009-11-06eDBAD / PUBg1695.00l0oBANpEN-78884r2009-11-06 00:00:00t1v1695.00w2009-11-06yEN